U.S. States that end in "A" - Statistics

General Stats
  • This quiz has been taken 52 times
  • The average score is 19 of 21
Answer Stats
Answer % Correct
Alabama
100%
North Dakota
100%
South Dakota
100%
Georgia
98%
California
96%
Louisiana
96%
North Carolina
96%
South Carolina
96%
Alaska
94%
Iowa
94%
Florida
92%
Montana
92%
Arizona
90%
Nebraska
90%
Nevada
90%
West Virginia
90%
Indiana
88%
Pennsylvania
88%
Virginia
88%
Minnesota
85%
Oklahoma
83%
No matching quizzes found
Score Distribution
Percent of People with Each Score
Percentile by Number Answered
Your Score History
You have not taken this quiz